000 00472nam a2200181Ia 4500
001 25212
005 20260414151135.0
008 260414t2003||||xx |||||||||||||| ||spa||
041 _aESP
082 _a346.4
_bL13 III bis
100 _aLacruz Berdejo, José Luis
_eAUT
245 0 _aElementos de derecho civil :
_bderecho inmobiliario registral
260 _c2003
300 _a350 páginas :
_c24 cm.
650 _aDER
654 _aCDE
942 _cLIB
_dJUS
_fJUS
_2ddc
_n
999 _c25212
_d25212